000 00461nam a2200193Ia 4500
005 20240823021912.0
008 240823s9999||||xx |||||||||||||| ||und||
020 _a81-7224-965-9
041 _aENGLISH
082 _A658.81 P5
100 _a"Hession,Richard"
245 0 _aHow to Be a Great Sales Person
250 _a1st
260 _c2005
_b"Jaico,B"
_aMumbai
500 _aYES
650 _aSales
_bManagement Studies
942 _cBK
999 _c177972
_d177972